100 tareas de bricolaje doméstico / (Record no. 197108)

MARC details
000 -LEADER
campo de control de longitud fija 01320nam a2200361 i 4500
001 - NÚMERO DE CONTROL
campo de control 197108
003 - IDENTIFICADOR DE NÚMERO DE CONTROL
campo de control ES-MaACL
005 - FECHA Y HORA DE LA ÚLTIMA TRANSACCIÓN
campo de control 20250821063123.0
008 - DATOS DE LONGITUD FIJA--INFORMACIÓN GENERAL
campo de control de longitud fija 250109s2008 sp a |||||| 00 0 spa
015 ## - NÚMERO DE BIBLIOGRAFÍA NACIONAL
Número de bibliografía nacional MON07
017 ## - NÚMERO DE COPYRIGHT O DE DEPÓSITO LEGAL
Número de copyright o de depósito legal S 1041-2008
Agencia que asigna Oficina Depósito Legal Salamanca
020 ## - NÚMERO INTERNACIONAL ESTÁNDAR DEL LIBRO
Número Internacional Estándar del Libro 9788440718686
035 ## - NÚMERO DE CONTROL DEL SISTEMA
Número de control de sistema (OCoLC)433396300
035 ## - NÚMERO DE CONTROL DEL SISTEMA
Número de control de sistema (SpMaBN)a3311162
040 ## - FUENTE DE CATALOGACIÓN
Centro catalogador/agencia de origen SpMaBN
Lengua de catalogación spa
Centro/agencia transcriptor SpMaBN
Normas de descripción rdc
080 ## - NÚMERO DE LA CLASIFICACIÓN DECIMAL UNIVERSAL
Número de la Clasificación Decimal Universal 689:643
100 1# - ENTRADA PRINCIPAL--NOMBRE DE PERSONA
Nombre de persona Castañón, Covadonga
9 (RLIN) 240015
Término indicativo de función/relación Autor
245 10 - MENCIÓN DEL TÍTULO
Título 100 tareas de bricolaje doméstico /
Mención de responsabilidad, etc. [texto, Covadonga Castañón].
246 3# - FORMA VARIANTE DEL TITULO
Título propio/Titulo breve Cien tareas de bricolaje doméstico
260 ## - PUBLICACIÓN, DISTRIBUCIÓN, ETC.
Lugar de publicación, distribución, etc. Madrid :
Nombre del editor, distribuidor, etc. Club Internacional del Libro,
Fecha de publicación, distribución, etc. [2007].
300 ## - DESCRIPCIÓN FÍSICA
Extensión 222 páginas :
Otras características físicas ilustrado a color ;
Dimensiones 23 cm.
336 ## - TIPO DE CONTENIDO
Fuente rdacontent
Término de tipo de contenido texto
337 ## - TIPO DE MEDIO
Fuente rdamedia
Nombre/término del tipo de medio sin mediación
338 ## - TIPO DE SOPORTE
Fuente rdacarrier
Nombre/término del tipo de soporte volumen
490 1# - MENCIÓN DE SERIE
Mención de serie Biblioteca del hogar
650 #7 - PUNTO DE ACCESO ADICIONAL DE MATERIA--TÉRMINO DE MATERIA
Término de materia o nombre geográfico como elemento de entrada Bricolaje
Fuente del encabezamiento o término embne
9 (RLIN) 10616
852 ## - LOCALIZACIÓN
Ubicación ES-MaACL
Ubicación en estantería Depósito J
Número de control de estantería N-10487
Donativo/Legado Donación: José Lázaro García
Encuadernación Encuadernación cartoné
itemnumber 206610
903 ## - NOMBRE PERSONAL DE DONANTE
9 234219
a Lázaro García, José
e Donante
942 ## - ELEMENTOS DE ENTRADA SECUNDARIOS (KOHA)
Tipo de ítem Koha Libro impreso
Suprimir en OPAC No
Holdings
Estatus retirado Estado de pérdida Fuente del sistema de clasificación o colocación Estado de daño No para préstamo Biblioteca de origen Biblioteca actual Ubicación en estantería Fecha de adquisición Fuente de adquisición Total de préstamos Signatura topográfica completa Código de barras Visto por última vez Precio de reemplazo Tipo de ítem Koha
    Clasificación decimal universal     Biblioteca del Ateneo de Madrid Biblioteca del Ateneo de Madrid Depósito J 19/08/2025 Donación   N-10487 2025-0986 19/08/2025 19/08/2025 Libro impreso